Regiões Administrativas do Distrito Federal - Statistics

Estatísticas Gerais
  • Esse quiz foi jogado 71 vezes
  • A pontuação média é 22 de 33
Estatísticas das Respostas
Regiões % Correto
Ceilândia
95%
Taguatinga
86%
Águas Claras
84%
Samambaia
80%
Planaltina
77%
Plano Piloto
77%
Guará
75%
Brazlândia
73%
Gama
73%
Sobradinho
73%
Vicente Pires
70%
Cruzeiro
68%
Lago Norte
68%
Lago Sul
68%
Paranoá
68%
Recanto das Emas
66%
Sol Nascente/Pôr do Sol
66%
Candangolândia
64%
Santa Maria
64%
São Sebastião
64%
Estrutural/Scia
61%
Park Way
61%
Núcleo Bandeirante
59%
Riacho Fundo
59%
Sudoeste/Octogonal
59%
SIA
55%
Varjão
55%
Fercal
52%
Jardim Botânico
52%
Sobradinho II
52%
Arniqueira
50%
Itapoã
48%
Riacho Fundo 2
39%
Nenhum quiz correspondente encontrado
Distribuição das Pontuações
Porcentagem de Pessoas com Cada Pontuação
Percentil de Números Respondidos
Sua Pontuação Histórica
Você não jogou esse quiz